000 00816nas a2200253Ia 4500
001 R005/42261
003 IT-RoPAU
008 151124c99999999xx |||||||||||| ||und||
040 _aIT-RoPAU
040 _cIT-RoPAU
041 _aITALIANO
100 _aDorigo Francesco
_gCodice Aut. SPICS: 7126
210 _aCIEMME
222 _aCiemme
245 _aCIEMME, ANNO 09-N.033-1979
_bIdeologia Della Morte E Mezzi di Comunicazione di Massa (2)
250 _a1a ed.
260 _aVENEZIA
_bCINIT/CINEFORUM
_c1979
501 _bPaulus - SPICS - Società San Paolo EM (non-commercial uses only)
_cCopyright2015
300 _a6 p. [30-35]
362 _aANNO 009, N.033-1979
500 _aMorte-In-Pasolini Presenza-Della-Morte-In-Dreyer-E-In-Bergman
650 _aCINEMA
_vPUBBLICAZIONE PERIODICA
942 _cCR
999 _c125619
_d125619